[Event "Hamburg Ch"]
[Site "Hamburg GER"]
[Date "1985.??.??"]
[Round "?"]
[White "Michaelsen, Nils"]
[Black "Schroeder, Christoph"]
[Result "1/2-1/2"]
[WhiteElo "2200"]
[BlackElo "2220"]
[PlyCount "107"]
[EventDate "1985.??.??"]
[Source "www.chesslib.no"]
[SourceDate "2004.05.04"]

1. d4 Nf6 2. c4 c5 3. d5 Ne4 4. Qc2 Qa5+ 5. Nd2 Nd6 6. e4 g6 7. Ngf3 Bg7 8. Bd3 Na6 9. a3 b5 10. cxb5 Nxb5 11. O-O O-O 12. Nc4 Qc7 13. e5 Bb7 14. Be4 Nd4 15. Qd3 Nxf3+ 16. Bxf3 Bxe5 17. Nxe5 Qxe5 18. Bd2 Nc7 19. Bc3 Qd6 20. Rfd1 e6 21. dxe6 Qxd3 22. Rxd3 Bxf3 23. e7 Rfc8 24. gxf3 d5 25. Ba5 f6 26. Bxc7 Rxc7 27. Re1 Kf7 28. Rxd5 Re8 29. Rc1 Rec8 30. Rd8 Kxe7 31. Rxc8 Rxc8 32. Kf1 Kd6 33. Ke2 Rb8 34. Rc2 Rb3 35. Rd2+ Kc6 36. Rc2 Kb5 37. Rd2 a5 38. f4 Rh3 39. f5 gxf5 40. Rd5 Rb3 41. Rxf5 Rxb2+ 42. Kf1 Ra2 43. Rxf6 Rxa3 44. Rh6 Rf3 45. Rxh7 Rf6 46. Rb7+ Ka6 47. Rb8 c4 48. Ke2 Rd6 49. h4 Rh6 50. Kd2 Rxh4 51. Kc3 Rf4 52. Rb2 a4 53. Kb4 Kb6 54. Re2 1/2-1/2

[Event "BEL-chT9899"]
[Site "Antwerp"]
[Date "1999.04.??"]
[Round "11"]
[White "Van Uytven, Eric"]
[Black "Penson, Thierry"]
[Result "1/2-1/2"]
[WhiteElo "2120"]
[BlackElo "2275"]
[PlyCount "114"]
[EventDate "1998.10.??"]
[Source "www.chesslib.no"]
[SourceDate "2004.05.04"]

1. d4 Nf6 2. c4 c5 3. d5 Ne4 4. Qd3 Qa5+ 5. Nc3 Nxc3 6. Bd2 e5 7. Bxc3 Qc7 8. f4 d6 9. Nf3 f6 10. e3 Qe7 11. fxe5 dxe5 12. e4 g6 13. Be2 Bg7 14. Qe3 Na6 15. O-O O-O 16. Rae1 Bd7 17. Bd3 Rac8 18. Kh1 Nc7 19. Qd2 b5 20. b4 Na6 21. cxb5 cxb4 22. Bb2 Nc5 23. Qxb4 Qd8 24. Bc4 Qb6 25. Ba3 Rfe8 26. Nd2 Bf8 27. Qb1 Kg7 28. Bxc5 Bxc5 29. Bd3 Be7 30. a4 Qa5 31. Qa2 Rc3 32. Be2 Ra3 33. Nc4 Rxa2 34. Nxa5 Rxa4 35. Nc6 Bc5 36. Bd3 Ra3 37. Bc4 h5 38. h3 h4 39. Ra1 Rxa1 40. Rxa1 f5 41. Re1 Kf6 42. Bd3 Bb6 43. Kh2 Kg5 44. g3 hxg3+ 45. Kxg3 Kf6 46. Rh1 g5 47. exf5 e4 48. Be2 e3 49. h4 Bxf5 50. hxg5+ Kxg5 51. Rh5+ Kg6 52. d6 Kf6 53. Rh6+ Kg7 54. Rh5 Kf6 55. Rh6+ Kg7 56. Rh5 Kf6 57. Rh6+ Kg7 1/2-1/2

[Event "Dortmund op-A"]
[Site "?"]
[Date "2003.08.08"]
[Round "7"]
[White "Rezasade Amir"]
[Black "Heck Norbert"]
[Result "0-1"]
[WhiteElo "2103"]
[BlackElo "2271"]
[PlyCount "97"]
[EventDate "2003.??.??"]
[Source "www.chesslib.no"]
[SourceDate "2004.05.04"]

1. d4 Nf6 2. c4 c5 3. d5 Ne4 4. Nd2 Qa5 5. g3 Nd6 6. Qc2 Na6 7. Bg2 g6 8. Qc3 Qxc3 9. bxc3 Bg7 10. Bb2 O-O 11. Ngf3 Rb8 12. a4 b6 13. O-O Nc7 14. e4 Ba6 15. Rfd1 Nxc4 16. Nxc4 Bxc4 17. d6 exd6 18. Rxd6 Rfd8 19. e5 Ne8 20. Rdd1 d6 21. Re1 Bd5 22. exd6 Nxd6 23. Ne5 Bxg2 24. Kxg2 Bxe5 25. Rxe5 Nc4 26. Re2 Re8 27. Rae1 Rxe2 28. Rxe2 f5 29. Bc1 Kf7 30. Bg5 Re8 31. Ra2 Ke6 32. h4 Kd5 33. Kf1 Re6 34. Bf4 h5 35. Ra1 Na5 36. Bh6 Kc4 37. Ra3 Nb3 38. Bg7 Nd2+ 39. Kg2 Re2 40. a5 b5 41. a6 Ne4 42. Kf3 Rxf2+ 43. Ke3 Rc2 44. Be5 Nxc3 45. Bb8 b4 46. Ra1 b3 47. Bxa7 b2 48. Rb1 Nxb1 49. Bb6 0-1

[Event "Crailsheim op"]
[Site "?"]
[Date "1999.05.24"]
[Round "6"]
[White "Gerl Hans"]
[Black "Schluchter Steffen"]
[Result "1-0"]
[WhiteElo "2166"]
[BlackElo "2206"]
[PlyCount "63"]
[EventDate "1999.??.??"]
[Source "www.chesslib.no"]
[SourceDate "2004.05.04"]

1. d4 Nf6 2. c4 c5 3. d5 Ne4 4. Qc2 Qa5+ 5. Nd2 Nd6 6. e4 g6 7. b4 Qxb4 8. Bb2 Rg8 9. Bd3 Bh6 10. Ngf3 Kf8 11. O-O Na6 12. Rab1 Qa5 13. a3 Bg7 14. e5 Ne8 15. Ng5 Bh6 16. Bc3 Qd8 17. Nxh7+ Kg7 18. e6+ f6 19. Bxg6 dxe6 20. dxe6 Nd6 21. Rfe1 Nc7 22. g4 Nxe6 23. Ne4 Nd4 24. Qd3 Nf3+ 25. Qxf3 Kxg6 26. Nhxf6 exf6 27. Nxf6 Rf8 28. Qd3+ Nf5 29. gxf5+ Kf7 30. Nd5 Qg5+ 31. Qg3 Re8 32. Rxe8 1-0

[Event "Allemagne Bundesliga Ouest"]
[Site "?"]
[Date "2003.11.02"]
[Round "2.7"]
[White "Schmitz Manuela"]
[Black "Gallinnis Norbert"]
[Result "0-1"]
[WhiteElo "2034"]
[BlackElo "2301"]
[PlyCount "118"]
[EventDate "2003.??.??"]
[Source "www.chesslib.no"]
[SourceDate "2004.05.04"]

1. d4 Nf6 2. c4 c5 3. d5 Ne4 4. Nd2 Qa5 5. g3 g6 6. Bg2 Nd6 7. Qc2 Bg7 8. Ngf3 Na6 9. O-O O-O 10. e4 Nb4 11. Qd1 b5 12. Nb3 Qb6 13. cxb5 Nxb5 14. Bg5 Re8 15. Qd2 Nd6 16. e5 Nc4 17. Qc3 Ba6 18. Rfd1 h6 19. Be3 d6 20. Qc1 Nxe3 21. fxe3 Nd3 22. Qd2 Nxe5 23. Nxe5 Bxe5 24. Rab1 Bc8 25. Na5 Bf6 26. Rf1 Qb4 27. Qxb4 cxb4 28. b3 Bf5 29. Rbc1 Bc3 30. Kf2 Rac8 31. h3 Rc5 32. Nc6 Bd7 33. Rfd1 Bxc6 34. dxc6 Rc8 35. Ke2 h5 36. Rc2 Rg5 37. Kf2 Rc5 38. Ke2 Kg7 39. Rd3 Rd8 40. Rd5 Rxc6 41. Rxh5 Rb6 42. Rd5 e6 43. Rd3 e5 44. a4 f5 45. Rc1 Rc6 46. g4 Kf6 47. e4 fxe4 48. Bxe4 Ra6 49. Rf1+ Kg7 50. Bg2 d5 51. Rdf3 Rd7 52. Rf8 e4 53. g5 Re7 54. R8f4 Rae6 55. h4 d4 56. Bh3 Rd6 57. h5 gxh5 58. Bf5 d3+ 59. Ke3 Bd4+ 0-1

[Event "Regionalliga SW 0203"]
[Site "?"]
[Date "2003.03.30"]
[Round "9.2"]
[White "Komljenovic Luka"]
[Black "Hoy Bernd"]
[Result "0-1"]
[WhiteElo "2174"]
[BlackElo "2155"]
[PlyCount "136"]
[EventDate "2003.??.??"]
[Source "www.chesslib.no"]
[SourceDate "2004.05.04"]

1. d4 Nf6 2. c4 c5 3. d5 Ne4 4. f3 Qa5+ 5. Nd2 Nd6 6. e4 g6 7. Bd3 Bg7 8. Ne2 b5 9. cxb5 Nxb5 10. O-O d6 11. Nc4 Qd8 12. Bg5 h6 13. Be3 O-O 14. Qd2 Kh7 15. Rad1 Ba6 16. Kh1 Nc7 17. f4 Bxc4 18. Bxc4 Nd7 19. Ng3 Qb8 20. Rf2 a5 21. a3 Nb6 22. Ba2 Nb5 23. e5 dxe5 24. Bxc5 exf4 25. Qxf4 Qxf4 26. Rxf4 Nc8 27. Rf2 Nbd6 28. Re2 a4 29. Bd4 Rd8 30. Bxg7 Kxg7 31. Rc2 Rd7 32. Ne2 Nf5 33. Rdc1 Nb6 34. Rc7 Rad8 35. Rxd7 Rxd7 36. Nc3 Rc7 37. Re1 Kf8 38. Re4 Nd6 39. Rh4 Nbc4 40. Bxc4 Nxc4 41. g3 Nxb2 42. Nxa4 Nc4 43. Rxh6 Kg7 44. Rh4 Nxa3 45. Kg2 Rc2+ 46. Kf3 Nc4 47. Rd4 f5 48. h4 Kf6 49. Rd1 Ne5+ 50. Ke3 Ng4+ 51. Kd4 Rg2 52. Rd3 Nf2 53. Rd2 Rxg3 54. Nb6 Rg4+ 55. Ke3 Ne4 56. Nd7+ Kg7 57. Rh2 Nc3 58. Nb6 Rb4 59. Kd3 Nb5 60. h5 Rd4+ 61. Ke3 Re4+ 62. Kd3 g5 63. h6+ Kh7 64. Nd7 Rd4+ 65. Ke3 Rh4 66. Nf8+ Kxh6 67. Rxh4+ gxh4 68. Ne6 Nc3 0-1

[Event "Aandalucia-ch"]
[Site "Granada"]
[Date "1991.??.??"]
[Round "4"]
[White "Ruiz Segura, Francisco"]
[Black "Fernandez Gutierrez, R."]
[Result "1/2-1/2"]
[WhiteElo "2085"]
[BlackElo "2205"]
[PlyCount "69"]
[EventDate "1991.??.??"]
[Source "www.chesslib.no"]
[SourceDate "2004.05.04"]

1. d4 Nf6 2. c4 c5 3. d5 Ne4 4. Nf3 Qa5+ 5. Nbd2 Nd6 6. e3 g6 7. Be2 Bg7 8. O-O O-O 9. e4 Ne8 10. Re1 d6 11. Bf1 Bg4 12. h3 Bxf3 13. Nxf3 Nd7 14. Bd2 Qc7 15. Qc2 h6 16. Bd3 Rb8 17. Bc3 Ne5 18. Nxe5 dxe5 19. a3 Nd6 20. Bd2 Rfc8 21. Rec1 a6 22. Be3 Qd7 23. Qe2 b6 24. b4 Kh7 25. Rab1 Qc7 26. Rb2 h5 27. Qd2 Nb7 28. Rcb1 Rd8 29. Be2 Rdc8 30. Rb3 Nd6 31. Bf3 Nb7 32. Kf1 Rd8 33. R3b2 Rdc8 34. Qc2 Kg8 35. Qd2 1/2-1/2

[Event "Mittelfranken-ch M1"]
[Site "?"]
[Date "1997.??.??"]
[Round "7"]
[White "Schaeffner Claus"]
[Black "Heimrath Reiner"]
[Result "1-0"]
[WhiteElo "2195"]
[BlackElo "2080"]
[PlyCount "64"]
[EventDate "1997.??.??"]
[Source "www.chesslib.no"]
[SourceDate "2004.05.04"]

1. d4 Nf6 2. c4 c5 3. d5 Ne4 4. Nd2 Nd6 5. e4 g6 6. Bd3 Bg7 7. f4 O-O 8. e5 Nf5 9. Bxf5 gxf5 10. Ngf3 b5 11. O-O Bb7 12. b3 d6 13. Bb2 e6 14. Qc2 Na6 15. Rad1 dxe5 16. fxe5 bxc4 17. bxc4 Qc7 18. g4 Kh8 19. gxf5 Rg8 20. Kf2 Nb4 21. Qb1 Bh6 22. Ne4 Rab8 23. Nf6 Rg7 24. Rg1 Rxg1 25. Rxg1 Bxd5 26. cxd5 c4 27. Qe4 Nd3+ 28. Kf1 Qb6 29. Bd4 Qb1+ 30. Kg2 Qxa2+ 31. Kh1 Nf2+ 32. Bxf2 exd5 1-0

[Event "Mittelfranken-ch"]
[Site "?"]
[Date "1996.??.??"]
[Round "8"]
[White "Rohrbach Frank"]
[Black "Heimrath Reiner"]
[Result "0-1"]
[WhiteElo "2095"]
[BlackElo "2160"]
[PlyCount "58"]
[EventDate "1996.??.??"]
[Source "www.chesslib.no"]
[SourceDate "2004.05.04"]

1. d4 Nf6 2. c4 c5 3. d5 Ne4 4. Qc2 Qa5+ 5. Nd2 f5 6. f3 Nd6 7. b3 Na6 8. Bb2 e6 9. Bc3 Qd8 10. e4 Qg5 11. a3 b6 12. O-O-O Bb7 13. Nh3 Qh6 14. Bd3 Be7 15. dxe6 dxe6 16. exf5 O-O 17. fxe6 Nc7 18. Nf2 b5 19. Ng4 Qh4 20. Rhe1 bxc4 21. Nxc4 Ndb5 22. Be4 Nxc3 23. Qxc3 Bxe4 24. Rxe4 Rad8 25. Rd7 Nb5 26. Qe5 Rde8 27. g3 Qh3 28. Re1 Nd4 29. Rb7 Nxf3 0-1

[Event "Hohenloher op 10th"]
[Site "?"]
[Date "2003.06.21"]
[Round "5"]
[White "Knoerzer Michael"]
[Black "Esterluss Hans"]
[Result "1/2-1/2"]
[WhiteElo "2065"]
[BlackElo "2158"]
[PlyCount "43"]
[EventDate "2003.??.??"]
[Source "www.chesslib.no"]
[SourceDate "2004.05.04"]

1. d4 Nf6 2. c4 c5 3. d5 Ne4 4. Qc2 Qa5+ 5. Nc3 Nd6 6. e4 g6 7. Bd2 Bg7 8. a3 Qd8 9. Bd3 e5 10. Nge2 O-O 11. O-O f5 12. f4 fxe4 13. Nxe4 Nxe4 14. Bxe4 d6 15. fxe5 dxe5 16. b4 Nd7 17. Ng3 Rb8 18. Be3 b6 19. Qd2 Bb7 20. Rab1 Rc8 21. Bd3 cxb4 22. axb4 1/2-1/2

[Event "Mittelfranken-ch"]
[Site "?"]
[Date "1996.??.??"]
[Round "2"]
[White "Kaeppel Roland"]
[Black "Heimrath Reiner"]
[Result "1-0"]
[WhiteElo "2055"]
[BlackElo "2160"]
[PlyCount "59"]
[EventDate "1996.??.??"]
[Source "www.chesslib.no"]
[SourceDate "2004.05.04"]

1. d4 Nf6 2. c4 c5 3. d5 Ne4 4. e3 g6 5. Bd3 Qa5+ 6. Nd2 Nd6 7. Ngf3 Bg7 8. O-O O-O 9. e4 e5 10. a3 Qc7 11. b4 b6 12. Bb2 f6 13. Rc1 Nf7 14. Bb1 d6 15. Ne1 cxb4 16. axb4 a5 17. bxa5 bxa5 18. Nd3 Nd7 19. Ba3 Rd8 20. c5 dxc5 21. Nxc5 Nxc5 22. Rxc5 Qb8 23. Bd3 f5 24. Qc2 fxe4 25. Nxe4 Ba6 26. Bxa6 Rxa6 27. Rc7 Bf8 28. Bxf8 Kxf8 29. Rb1 Qa8 30. Rbb7 1-0

[Event "Pologne (championnat clubs ligue 2)"]
[Site "?"]
[Date "2004.09.09"]
[Round "7.98"]
[White "Szromba Krzysztof"]
[Black "Murawski Eugeniusz"]
[Result "0-1"]
[WhiteElo "2193"]
[BlackElo "2017"]
[PlyCount "72"]
[EventDate "2004.??.??"]
[Source "www.chesslib.no"]
[SourceDate "2004.05.04"]

1. d4 Nf6 2. c4 c5 3. d5 Ne4 4. Qc2 Qa5+ 5. Nd2 Nd6 6. e4 g6 7. Bd3 Bg7 8. Ngf3 Na6 9. O-O Nb4 10. Qb1 Nxd3 11. Qxd3 b5 12. e5 Nxc4 13. Nxc4 bxc4 14. Qe4 Rb8 15. Nd2 Ba6 16. d6 e6 17. Rd1 O-O 18. Nb1 f6 19. Bd2 Qd8 20. Bc3 fxe5 21. Nd2 Qg5 22. Nf3 Qf4 23. Qe1 e4 24. Bxg7 Kxg7 25. Nd2 Rxb2 26. Nxe4 Qe5 27. Nxc5 Qxe1+ 28. Rxe1 Rfxf2 29. Nxa6 Rxg2+ 30. Kh1 Rxh2+ 31. Kg1 Rbg2+ 32. Kf1 h5 33. Re4 Rd2 34. Kg1 h4 35. Rd1 Rdg2+ 36. Kf1 h3 0-1

[Event "Corr"]
[Site "?"]
[Date "2000.09.17"]
[Round "?"]
[White "Puntunet David"]
[Black "Braun Ingram H"]
[Result "1-0"]
[WhiteElo "2120"]
[BlackElo "2004"]
[PlyCount "41"]
[EventDate "2000.??.??"]
[Source "www.chesslib.no"]
[SourceDate "2004.05.04"]

1. d4 Nf6 2. c4 c5 3. d5 Ne4 4. Qc2 Qa5+ 5. Nd2 Nf6 6. e4 d6 7. f4 g6 8. Ngf3 Bg7 9. Be2 Nh5 10. g3 Na6 11. O-O Bg4 12. Kg2 O-O-O 13. a3 Nf6 14. Rb1 h6 15. b4 Qc7 16. h3 Bd7 17. Bb2 g5 18. e5 Ne8 19. exd6 exd6 20. b5 Nb8 21. fxg5 1-0

[Event "Juvenil"]
[Site "?"]
[Date "1994.??.??"]
[Round "5"]
[White "Cadena"]
[Black "Martin, X."]
[Result "0-1"]
[WhiteElo "2040"]
[BlackElo "2080"]
[PlyCount "56"]
[EventDate "1994.??.??"]
[Source "www.chesslib.no"]
[SourceDate "2004.05.04"]

1. d4 Nf6 2. c4 c5 3. d5 Ne4 4. f3 Qa5+ 5. Bd2 Nxd2 6. Qxd2 Qxd2+ 7. Nxd2 g6 8. Nb3 d6 9. e4 Bg7 10. Rb1 a6 11. Bd3 O-O 12. Ne2 Nd7 13. Nbc1 Rb8 14. b4 cxb4 15. Rxb4 Nc5 16. O-O Bd7 17. Bc2 b5 18. cxb5 Bxb5 19. Re1 a5 20. Rb1 a4 21. Rd1 Bc4 22. Rxb8 Rxb8 23. a3 Rb2 24. Rd2 Bb3 25. Kf2 Rxc2 26. Rxc2 Bxc2 27. Ke3 Bb2 28. Kd2 Bb3 0-1

[Event "Milan op"]
[Site "?"]
[Date "2000.??.??"]
[Round "2"]
[White "Agrifoglio Fabio"]
[Black "Griffa Roberto"]
[Result "0-1"]
[WhiteElo "2016"]
[BlackElo "2062"]
[PlyCount "112"]
[EventDate "2000.??.??"]
[Source "www.chesslib.no"]
[SourceDate "2004.05.04"]

1. d4 Nf6 2. c4 c5 3. d5 Ne4 4. Qc2 Qa5+ 5. Nd2 Nd6 6. e4 g6 7. Bd3 Bg7 8. Ne2 Na6 9. a3 b5 10. O-O Nb4 11. Qb1 Nxd3 12. Qxd3 Ba6 13. Nb3 bxc4 14. Nxa5 cxd3 15. Nc3 d2 16. Bxd2 Bxf1 17. Rxf1 O-O 18. Re1 Rab8 19. e5 Nf5 20. Nc4 Nd4 21. Bf4 e6 22. h3 Rb3 23. Bc1 f6 24. dxe6 Nxe6 25. Rd1 Nd4 26. Nd2 Rbb8 27. Nde4 fxe5 28. Nxc5 Rf7 29. N5e4 Rff8 30. Nc5 Rfc8 31. Na6 Rb6 32. Nb4 Bf8 33. Nbd5 Rd6 34. Kf1 Rc5 35. Nb4 Nb3 36. Rxd6 Bxd6 37. Be3 Ra5 38. Nbd5 Kf7 39. Bh6 Nd4 40. Bc1 Ke6 41. Ne3 Rc5 42. Ned1 Nb5 43. Ne2 Rc8 44. b4 Rxc1 45. Nxc1 Nxa3 46. Nd3 e4 47. Nc1 Bxb4 48. Ke2 d5 49. Nb3 Ke5 50. Ne3 h5 51. f4+ exf3+ 52. gxf3 a5 53. Kd3 Nb5 54. f4+ Kxf4 55. Nxd5+ Kg3 56. Kc4 Nd6+ 0-1

[Event "Dreifluesse op"]
[Site "Passau"]
[Date "1998.04.12"]
[Round "5"]
[White "Gerstenhauer, Doreen"]
[Black "Niermann, Rainer"]
[Result "1/2-1/2"]
[WhiteElo "2025"]
[BlackElo "2030"]
[PlyCount "139"]
[EventDate "1998.04.10"]
[Source "www.chesslib.no"]
[SourceDate "2004.05.04"]

1. d4 Nf6 2. c4 c5 3. d5 Ne4 4. Qc2 Qa5+ 5. Nd2 Nf6 6. Ngf3 g6 7. e4 Bg7 8. Be2 O-O 9. O-O d6 10. h3 a6 11. Nb3 Qc7 12. Bd2 Bd7 13. Bc3 b5 14. a3 bxc4 15. Bxc4 Bb5 16. Nbd2 Nbd7 17. Rfe1 Nb6 18. Ba5 Qb7 19. Rab1 Nxc4 20. Nxc4 Bxc4 21. Qxc4 Qb5 22. Qxb5 axb5 23. Bc3 Ra4 24. Bxf6 Bxf6 25. e5 dxe5 26. Nxe5 Rd8 27. Nc6 Rd7 28. Rbc1 c4 29. Rc2 Kf8 30. Nb4 Rxb4 31. axb4 Rxd5 32. Ra1 Be5 33. Kf1 Bd6 34. b3 cxb3 35. Rb2 Bxb4 36. Rxb3 Bd6 37. Ra8+ Kg7 38. Ra5 Rd1+ 39. Ke2 Rg1 40. g4 b4 41. Rd5 Kf6 42. Rb5 h6 43. Kf3 Rc1 44. Ke4 Rc2 45. Ke3 Bc5+ 46. Kd3 Rc1 47. Kd2 Rc4 48. Kd3 Rd4+ 49. Ke2 Bd6 50. Ke3 Rc4 51. Kd3 Rc1 52. Ke4 Re1+ 53. Kd3 Re5 54. Rxe5 Kxe5 55. Kc4 Kf4 56. Kd4 g5 57. Re3 f5 58. gxf5 Kxf5 59. Rf3+ Kg6 60. Re3 h5 61. Rf3 h4 62. Ke4 g4 63. hxg4 Kg5 64. Rf8 Kxg4 65. Rg8+ Kh3 66. Kd3 Kh2 67. Kc4 h3 68. Rg4 Kh1 69. Rg8 Kh2 70. Rg6 1/2-1/2

[Event "Ludwigshafen-ch"]
[Site "Ludwigshafen"]
[Date "1998.??.??"]
[Round "6"]
[White "Bohne, Uwe"]
[Black "Schluchter, Steffen"]
[Result "0-1"]
[WhiteElo "1845"]
[BlackElo "2169"]
[PlyCount "94"]
[EventDate "1998.??.??"]
[Source "www.chesslib.no"]
[SourceDate "2004.05.04"]

1. d4 Nf6 2. c4 c5 3. d5 Ne4 4. Qd3 Qa5+ 5. Nd2 Nd6 6. e4 g6 7. Ngf3 Bg7 8. Be2 Na6 9. O-O O-O 10. a3 Rb8 11. e5 Ne8 12. Nb3 Qa4 13. Be3 d6 14. exd6 exd6 15. Bc1 Bf5 16. Qd1 Nac7 17. Nh4 Be4 18. Nd2 Bc2 19. Qe1 Nf6 20. Bd1 Rfe8 21. Bxc2 Qxc2 22. Qd1 Qxd1 23. Rxd1 b5 24. Rb1 bxc4 25. Nxc4 Re4 26. Nxd6 Rxh4 27. Bg5 Rd4 28. Be3 Rxd5 29. Rxd5 Nfxd5 30. Bxc5 Rxb2 31. Rxb2 Bxb2 32. Bxa7 Bxa3 33. Nc4 Be7 34. Ne3 Nxe3 35. Bxe3 Ne6 36. g4 Bg5 37. Bxg5 Nxg5 38. Kg2 Kg7 39. Kg3 f5 40. f3 Ne6 41. h4 f4+ 42. Kg2 Kf6 43. Kf2 Ke5 44. Ke2 Kd4 45. Kd2 h6 46. Ke2 Kc3 47. Kf2 Kd2 0-1

[Event "Schleswig Holstein-ch 56th"]
[Site "?"]
[Date "2001.04.??"]
[Round "8"]
[White "Jordan Andreas"]
[Black "Hausmann Marcus"]
[Result "1-0"]
[WhiteElo "1954"]
[BlackElo "2049"]
[PlyCount "112"]
[EventDate "2001.??.??"]
[Source "www.chesslib.no"]
[SourceDate "2004.05.04"]

1. d4 Nf6 2. c4 c5 3. d5 Ne4 4. Qc2 Qa5+ 5. Bd2 Nxd2 6. Nxd2 g6 7. a3 Bg7 8. Ngf3 d6 9. e4 O-O 10. Bd3 a6 11. O-O b5 12. Rfe1 Nd7 13. Rab1 Rb8 14. Nb3 Qa4 15. Nbd2 Nb6 16. b3 Qxa3 17. cxb5 a5 18. Nc4 Qb4 19. Qa2 Bc3 20. Red1 Bd7 21. Na3 Bg7 22. Nc4 Bc3 23. Na3 a4 24. bxa4 Qxa4 25. Qb3 Bg7 26. Nc4 Qa7 27. Rd2 Ra8 28. Nxb6 Qxb6 29. Ra2 Ra5 30. Rxa5 Qxa5 31. b6 Rb8 32. b7 Bc3 33. Qb6 Qxb6 34. Rxb6 Bb4 35. e5 Kf8 36. exd6 exd6 37. Ng5 h6 38. Ne4 Ba5 39. Ra6 Bc7 40. Ra8 Ke7 41. Ba6 g5 42. f3 f5 43. Nd2 Be8 44. Nc4 Bf7 45. Nb6 f4 46. Kf1 h5 47. Ke2 g4 48. Kd3 Bg6+ 49. Kc3 h4 50. Nc8+ Kd8 51. Na7 Be8 52. fxg4 Ba5+ 53. Kd3 c4+ 54. Kxc4 Kc7 55. Nc6 Bxc6 56. dxc6 Bc3 1-0

[Event "Porsgrunn"]
[Site "?"]
[Date "2001.03.11"]
[Round "9"]
[White "Tallaksen Geir Sune"]
[Black "Knudsen Ragnar"]
[Result "1/2-1/2"]
[WhiteElo "2107"]
[BlackElo "1776"]
[PlyCount "59"]
[EventDate "2001.??.??"]
[Source "www.chesslib.no"]
[SourceDate "2004.05.04"]

1. d4 Nf6 2. c4 c5 3. d5 Ne4 4. f3 Qa5+ 5. Nd2 Nd6 6. e4 g6 7. e5 Nf5 8. Bd3 d6 9. exd6 Nxd6 10. Ne2 Bf5 11. Bxf5 Nxf5 12. Qb3 Qb6 13. Ne4 Nd7 14. Bd2 Qxb3 15. axb3 Bg7 16. Bc3 O-O 17. Kf2 b6 18. g4 Bxc3 19. bxc3 Nd6 20. Nxd6 exd6 21. Ng3 Ne5 22. Ne4 f5 23. gxf5 Rxf5 24. Kg2 Rxf3 25. Rhf1 Rxf1 26. Rxf1 Nf7 27. Nf6+ Kg7 28. Nd7 g5 29. Re1 Rd8 30. Re7 1/2-1/2

[Event "Pologne (championnat clubs ligue 2)"]
[Site "?"]
[Date "2004.09.06"]
[Round "3.92"]
[White "Freczkowski Tadeusz"]
[Black "Murawski Eugeniusz"]
[Result "0-1"]
[WhiteElo "1800"]
[BlackElo "2017"]
[PlyCount "62"]
[EventDate "2004.??.??"]
[Source "www.chesslib.no"]
[SourceDate "2004.05.04"]

1. d4 Nf6 2. c4 c5 3. d5 Ne4 4. Qc2 Qa5+ 5. Bd2 Nxd2 6. Qxd2 Qxd2+ 7. Nxd2 g6 8. e4 Bg7 9. Rb1 d6 10. Bd3 O-O 11. Ngf3 a5 12. a3 Na6 13. O-O Bd7 14. h3 Rab8 15. b3 Rfe8 16. Rfe1 f6 17. a4 Nb4 18. Bf1 Bh6 19. Rbd1 Kg7 20. g3 Kf7 21. Nb1 Bg7 22. Na3 h5 23. Nb5 Kg8 24. Nh4 Kh7 25. f4 Bxb5 26. axb5 Ra8 27. Nf3 a4 28. bxa4 Rxa4 29. Ra1 Rea8 30. Rxa4 Rxa4 31. Rd1 Ra3 0-1

[Event "Corr"]
[Site "?"]
[Date "2000.11.19"]
[Round "?"]
[White "Hoefer Hans Peter"]
[Black "Jobe Tom B"]
[Result "1-0"]
[WhiteElo "1972"]
[BlackElo "1843"]
[PlyCount "49"]
[EventDate "2000.??.??"]
[Source "www.chesslib.no"]
[SourceDate "2004.05.04"]

1. d4 Nf6 2. c4 c5 3. d5 Ne4 4. Qc2 Qa5+ 5. Nd2 Nf6 6. e4 e5 7. Bd3 Na6 8. Ngf3 d6 9. O-O g6 10. a3 Bg7 11. Rb1 O-O 12. Nb3 Qd8 13. Bg5 h6 14. Be3 Nh5 15. Qd2 Kh7 16. Ne1 g5 17. Bc2 Rg8 18. Nd3 Nf4 19. Nxf4 gxf4 20. Bxf4 Bf8 21. Bg3 h5 22. f4 h4 23. fxe5 hxg3 24. Rxf7+ Rg7 25. Qf4 1-0

[Event "Corr"]
[Site "?"]
[Date "2000.11.19"]
[Round "?"]
[White "Jobe Tom B"]
[Black "Hoefer Hans Peter"]
[Result "0-1"]
[WhiteElo "1854"]
[BlackElo "1958"]
[PlyCount "90"]
[EventDate "2000.??.??"]
[Source "www.chesslib.no"]
[SourceDate "2004.05.04"]

1. d4 Nf6 2. c4 c5 3. d5 Ne4 4. f3 Qa5+ 5. Nc3 Nd6 6. e4 g6 7. Bd2 Bg7 8. Bd3 O-O 9. Nge2 Na6 10. a3 Qb6 11. Na4 Qc7 12. Bc3 f6 13. h4 e5 14. dxe6 dxe6 15. h5 g5 16. h6 Bh8 17. e5 Nf7 18. exf6 Ne5 19. f4 gxf4 20. Be4 Bxf6 21. Nxf4 Bd7 22. O-O Bxa4 23. Qxa4 Ng4 24. Qb3 Bg5 25. Qxb7 Bxf4 26. Qxc7 Nxc7 27. Bxa8 Nxa8 28. Bg7 Rf5 29. g3 Bxg3 30. Rad1 Nb6 31. b3 Kf7 32. a4 Bf2+ 33. Rxf2 Nxf2 34. Rd8 Nh3+ 35. Kh2 Ng5 36. a5 Ke7 37. Rb8 Nd7 38. Rb7 a6 39. Ra7 Rf3 40. Rxa6 Rxb3 41. Ra7 Kd6 42. a6 Kc6 43. Kg2 Rf3 44. Bb2 Rf8 45. Bc1 Ne4 0-1

[Event "Gemuend tt"]
[Site "?"]
[Date "1999.10.25"]
[Round "3.7"]
[White "Filipovic Ante"]
[Black "Appelt Gerd"]
[Result "0-1"]
[WhiteElo "1820"]
[BlackElo "1989"]
[PlyCount "112"]
[EventDate "1999.??.??"]
[Source "www.chesslib.no"]
[SourceDate "2004.05.04"]

1. d4 Nf6 2. c4 c5 3. d5 Ne4 4. f3 Qa5+ 5. Nd2 Nd6 6. e4 g6 7. Bd3 Bg7 8. Ne2 Na6 9. Qb3 Nb4 10. O-O b5 11. cxb5 a6 12. b6 Nxd3 13. Qxd3 Qxb6 14. Qc2 a5 15. Nc3 Ba6 16. Re1 Bd4+ 17. Kh1 Rc8 18. Nb3 O-O 19. Bh6 Rfd8 20. Nd2 Bf2 21. Rec1 f6 22. Nf1 c4 23. Qe2 Nf7 24. Be3 Bxe3 25. Qxe3 Rb8 26. Rc2 Ne5 27. Na4 Qb5 28. Nc3 Qb4 29. a3 Qb3 30. Rd2 Rb7 31. Qc5 d6 32. Qxa5 Ra8 33. Qa4 Qb6 34. h3 Rbb8 35. Qd1 Nd3 36. Kh2 Nxb2 37. Qc2 Nd3 38. Rb1 Qa5 39. a4 Rxb1 40. Nxb1 Rb8 41. Qa2 c3 42. Rc2 Nb4 43. Qb3 Bxf1 44. Rxc3 Qa7 45. Nd2 Ba6 46. f4 Nd3 47. Qd1 Qe3 48. f5 Qf4+ 49. Kg1 Qf2+ 50. Kh2 Nf4 51. Rg3 Rb2 52. fxg6 hxg6 53. Nb3 g5 54. Qg4 Rb1 55. Rf3 Qg1+ 56. Kg3 Ne2# 0-1

[Event "Corr"]
[Site "?"]
[Date "2001.07.21"]
[Round "?"]
[White "Hoefer Hans-Peter"]
[Black "Kern Michael"]
[Result "1-0"]
[WhiteElo "1953"]
[BlackElo "1850"]
[PlyCount "37"]
[EventDate "2001.??.??"]
[Source "www.chesslib.no"]
[SourceDate "2004.05.04"]

1. d4 Nf6 2. c4 c5 3. d5 Ne4 4. Qd3 Qa5+ 5. Nc3 f5 6. f3 Nd6 7. Bf4 g6 8. Be5 Rg8 9. Bxd6 exd6 10. e4 fxe4 11. Qxe4+ Be7 12. Bd3 Na6 13. Nh3 Nb4 14. Nf2 Nxd3+ 15. Nxd3 a6 16. O-O Rg7 17. Rfe1 b5 18. Qf4 Kd8 19. Rxe7 1-0

[Event "Corr"]
[Site "?"]
[Date "2001.10.27"]
[Round "?"]
[White "Hoefer Hans Peter"]
[Black "Berkley Stephen W"]
[Result "1-0"]
[WhiteElo "1949"]
[BlackElo "1824"]
[PlyCount "47"]
[EventDate "2001.??.??"]
[Source "www.chesslib.no"]
[SourceDate "2004.05.04"]

1. d4 Nf6 2. c4 c5 3. d5 Ne4 4. Qd3 Qa5+ 5. Nd2 Nd6 6. e4 g6 7. f4 Bg7 8. Ngf3 Na6 9. Be2 O-O 10. O-O Nb4 11. Qb1 Qc7 12. a3 Na6 13. Bd3 Ne8 14. e5 b6 15. b3 Bb7 16. f5 b5 17. cxb5 Nb8 18. Be4 d6 19. Ng5 Nd7 20. e6 Bxa1 21. Qxa1 fxe6 22. Nxe6 Qa5 23. a4 gxf5 24. Nc4 1-0

[Event "Corr"]
[Site "?"]
[Date "2001.12.16"]
[Round "?"]
[White "Allen Richard G"]
[Black "Hoefer Hans Peter"]
[Result "1-0"]
[WhiteElo "1801"]
[BlackElo "1972"]
[PlyCount "89"]
[EventDate "2001.??.??"]
[Source "www.chesslib.no"]
[SourceDate "2004.05.04"]

1. d4 Nf6 2. c4 c5 3. d5 Ne4 4. Nd2 Qa5 5. e3 f5 6. Bd3 Nd6 7. Ngf3 g6 8. O-O Bg7 9. Nb3 Qc7 10. Qc2 O-O 11. Bd2 e5 12. e4 a5 13. Ng5 a4 14. Nc1 h6 15. Nf3 a3 16. b3 Nxe4 17. Bxe4 d6 18. Nh4 Qf7 19. Bf3 Qf6 20. Nxf5 gxf5 21. Bc3 Na6 22. Nd3 Qg5 23. Bd2 Qh4 24. g3 Qd8 25. Bg2 e4 26. Nf4 Bxa1 27. Rxa1 Nb4 28. Qc1 Rf7 29. Bc3 Qg5 30. h4 Qe7 31. Ng6 Qd8 32. Qxh6 Rh7 33. Qd2 b5 34. cxb5 Rb8 35. Bf1 Bd7 36. Nf4 Rb7 37. Bxb4 cxb4 38. Qxb4 Qb8 39. Qxa3 Bxb5 40. Bxb5 Rxb5 41. Qb2 Qd8 42. Ne6 Qe8 43. Qf6 Rxd5 44. Qg5+ Kh8 45. Nf4 1-0